000 00504nam a2200181 i 4500
001 33996
003 ES-MaACL
005 20250712032631.0
007 t|
008 030203q1905 sp ||||1| spa d
100 1 _aBlasco Ibáñez, Vicente,
_d1867-1928
_929388
245 1 3 _aLa bodega
_b: novela /
_cVicente Blasco Ibáñez.
260 _aValencia :
_bF. Sempere y C.,
_c[1905?]
300 _a452 p. ;
_c18 cm.
852 _aES-MaACL
_jD-3203
852 _aES-MaACL
_jB-2633
999 _c33996
_d33996